<?xml version="1.0" encoding="UTF-8"?>
<record
    xmlns:xsi="http://www.w3.org/2001/XMLSchema-instance"
    xsi:schemaLocation="http://www.loc.gov/MARC21/slim http://www.loc.gov/standards/marcxml/schema/MARC21slim.xsd"
    xmlns="http://www.loc.gov/MARC21/slim">

  <leader>01020nam a2200253 a 4500</leader>
  <controlfield tag="001">53831</controlfield>
  <controlfield tag="003">BD-RjUL</controlfield>
  <controlfield tag="005">20211209080028.0</controlfield>
  <controlfield tag="008">161026s1981    bg ||||| |||| 00| 0 ben d</controlfield>
  <datafield tag="020" ind1=" " ind2=" ">
    <subfield code="c">: TK 10.00</subfield>
  </datafield>
  <datafield tag="035" ind1=" " ind2=" ">
    <subfield code="a">(BD-RjUL)53953</subfield>
  </datafield>
  <datafield tag="040" ind1=" " ind2=" ">
    <subfield code="a">BD-RjUL</subfield>
    <subfield code="b">ben </subfield>
    <subfield code="c">BD-RjUL</subfield>
  </datafield>
  <datafield tag="041" ind1=" " ind2=" ">
    <subfield code="a">ben </subfield>
  </datafield>
  <datafield tag="082" ind1=" " ind2=" ">
    <subfield code="2">23 </subfield>
    <subfield code="a">891.44109 </subfield>
    <subfield code="b">MAG 1981 </subfield>
  </datafield>
  <datafield tag="100" ind1=" " ind2=" ">
    <subfield code="a">&#x9AE;&#x995;&#x9B8;&#x9C1;&#x9A6;, &#x9B8;&#x9C8;&#x9AF;&#x9BC;&#x9A6; &#x986;&#x9AC;&#x9C1;&#x9B2; </subfield>
    <subfield code="9">121570</subfield>
  </datafield>
  <datafield tag="245" ind1="1" ind2="0">
    <subfield code="a">&#x997;&#x9CB;&#x9AC;&#x9BF;&#x9A8;&#x9CD;&#x9A6;&#x99A;&#x9A8;&#x9CD;&#x9A6;&#x9CD;&#x9B0; &#x9A6;&#x9BE;&#x9B8;&#x9C7;&#x9B0; &#x998;&#x9B0;-&#x997;&#x9C7;&#x9B0;&#x9B8;&#x9CD;&#x9A5;&#x9BE;&#x9B2;&#x9BF; / </subfield>
    <subfield code="c">&#x9B8;&#x9C8;&#x9AF;&#x9BC;&#x9A6; &#x986;&#x9AC;&#x9C1;&#x9B2; &#x9AE;&#x995;&#x9B8;&#x9C1;&#x9A6; </subfield>
  </datafield>
  <datafield tag="260" ind1=" " ind2=" ">
    <subfield code="a">&#x9A2;&#x9BE;&#x995;&#x9BE; :</subfield>
    <subfield code="b">&#x995;&#x9BE;&#x9A8;&#x9CD;&#x99F;&#x9BF;&#x9A8;&#x9C7;&#x9A8;&#x9CD;&#x99F;&#x9BE;&#x9B2; &#x9AA;&#x9BE;&#x9AC;&#x9B2;&#x9BF;&#x9B6;&#x9BE;&#x9B0;&#x9CD;&#x9B8;, </subfield>
    <subfield code="c">&#x9E7;&#x9EF;&#x9EE;&#x9E7; </subfield>
  </datafield>
  <datafield tag="300" ind1=" " ind2=" ">
    <subfield code="a">&#x9ED;&#x9ED; &#x9AA;&#x9C3;. ; </subfield>
    <subfield code="c">&#x9E8;&#x9E7; &#x9B8;&#x9C7;&#x9AE;&#x9BF;. </subfield>
  </datafield>
  <datafield tag="600" ind1=" " ind2=" ">
    <subfield code="a">&#x9A6;&#x9BE;&#x9B8;, &#x997;&#x9CB;&#x9AC;&#x9BF;&#x9A8;&#x9CD;&#x9A6;&#x9CD;&#x9B0;&#x99A;&#x9A8;&#x9CD;&#x9A6;&#x9CD;&#x9B0;, </subfield>
    <subfield code="x">&#x99C;&#x9C0;&#x9AC;&#x9A8;&#x9C0; </subfield>
    <subfield code="9">160786</subfield>
  </datafield>
  <datafield tag="600" ind1=" " ind2=" ">
    <subfield code="c">Das, Gobinda chandra</subfield>
    <subfield code="x">Biography </subfield>
    <subfield code="9">160787</subfield>
  </datafield>
  <datafield tag="650" ind1=" " ind2=" ">
    <subfield code="a">&#x9AC;&#x9BE;&#x982;&#x9B2;&#x9BE; &#x995;&#x9AC;&#x9BF;&#x9A4;&#x9BE; </subfield>
    <subfield code="9">160788</subfield>
  </datafield>
  <datafield tag="650" ind1=" " ind2=" ">
    <subfield code="a">Bengali Poetry </subfield>
    <subfield code="9">160789</subfield>
  </datafield>
  <datafield tag="942" ind1=" " ind2=" ">
    <subfield code="2">ddc</subfield>
    <subfield code="c">BK</subfield>
  </datafield>
  <datafield tag="999" ind1=" " ind2=" ">
    <subfield code="c">53831</subfield>
    <subfield code="d">53831</subfield>
  </datafield>
  <datafield tag="952" ind1=" " ind2=" ">
    <subfield code="0">0</subfield>
    <subfield code="1">0</subfield>
    <subfield code="2">ddc</subfield>
    <subfield code="4">0</subfield>
    <subfield code="7">0</subfield>
    <subfield code="8">NFIC</subfield>
    <subfield code="a">RUCL</subfield>
    <subfield code="b">RUCL</subfield>
    <subfield code="c">Stack</subfield>
    <subfield code="d">1984-04-10</subfield>
    <subfield code="e">Komola Book</subfield>
    <subfield code="g">10.00</subfield>
    <subfield code="l">0</subfield>
    <subfield code="o">B 891.441092  MAG 1981</subfield>
    <subfield code="r">2016-10-26 00:00:00</subfield>
    <subfield code="t">C-2</subfield>
    <subfield code="w">2021-12-09</subfield>
    <subfield code="y">BK</subfield>
  </datafield>
</record>
